|
|
|
|
| LEADER |
01260cam a2200313 a 4500 |
| 001 |
c000381319 |
| 003 |
CARM |
| 005 |
20110826144153.0 |
| 008 |
110826q19601969caua b s000 0 eng d |
| 010 |
|
|
|a 62062675
|
| 019 |
1 |
|
|a 28318595
|5 LACONCORD2021
|
| 035 |
|
|
|a (OCoLC)1927913
|5 LACONCORD2021
|
| 040 |
|
|
|a DLC
|b eng
|c OAU
|d OCoLC
|d DLC
|
| 042 |
|
|
|a premarc
|
| 050 |
0 |
0 |
|a P53
|b .A7
|
| 082 |
0 |
4 |
|a 407
|
| 100 |
1 |
|
|a Asher, James J.
|q (James John),
|d 1929-
|
| 245 |
1 |
0 |
|a Sensory interrelationships in the automated teaching of foreign languages /
|c James J. Asher.
|
| 260 |
|
|
|a [San Jose, Calif. :
|b San Jose State College,
|c 196-?].
|
| 300 |
|
|
|a 99 p. :
|b ill. ;
|c 28 cm.
|
| 500 |
|
|
|a "Research ... supported by a grant from the U.S. Department of Health, Education, and Welfare, Office of Education."
|
| 504 |
|
|
|a Bibliography: p. 74.
|
| 650 |
|
0 |
|a Language and languages
|x Study and teaching.
|
| 650 |
|
0 |
|a Learning, Psychology of.
|
| 852 |
8 |
|
|b CARM
|p 0576373
|f BK
|
| 852 |
8 |
|
|b SCAN
|h A3:AG07C0
|i F07988
|p 0576373
|f BK
|
| 999 |
f |
f |
|i f033ef0b-c064-5402-8109-beb14f9577a8
|s f748ee2d-b6a2-5c7d-8d78-995137a74ff8
|
| 952 |
f |
f |
|p Can circulate
|a CAVAL
|b CAVAL
|c CAVAL
|d CARM 1 Store
|i book
|m 0576373
|
| 952 |
f |
f |
|a CAVAL
|b CAVAL
|c CAVAL
|d Unmapped Location
|e F07988
|f A3:AG07C0
|h Other scheme
|